Listopadová pohádka / Věra Provazníková ; [ilustrace Eva Šedivá]
Je podzim a holčička zpoza okna pozoruje barevné stromy a šedivou oblohu. Jindy se toulá městem, vlasy učesané větrem jí zdobí poslední spadané lístečky a mává papírovým drakům na obloze. Se svou oblíbenou červenou ještěrkou popíjí šípkový čaj a ráda by poznala někoho, kdo vidí svět podobnýma očima. Třeba pána, který vymyslel maličkého skřítka s mandlovýma očima, co se jí na jedné z procházek po městě usadil v dlani. Poetické vyprávění provází příjemné ilustrace.
Půvabný pohádkový příběh malé holčičky a jejích přátel z říše snů a fantazie. Pro mladší děti.
Record details
- ISBN: 978-80-7367-841-8 (váz.)
- Physical Description: 62 s. : barev. il. ; 23 cm
- Edition: Vyd. 1.
- Publisher: Praha : Portál, 2011
Search for related items by subject
| Genre: | české pohádky publikace pro děti Czech fairy tales children's literature |
Available copies
- 1 of 1 copy available at Common Catalog SPOK.
Holds
- 0 current holds with 1 total copy.
Show Only Available Copies
| Location | Call Number / Copy Notes | Barcode | Shelving Location | Status | Due Date |
|---|---|---|---|---|---|
| Jabok Library | BL-4.2/P | 424480025818 | Beletrie | Available | - |
| LDR | 03996nam a2200961 a 4500 | ||
|---|---|---|---|
| 001 | 16107 | ||
| 003 | CZ-PrJAB | ||
| 005 | 20111108105311.0 | ||
| 007 | ta | ||
| 008 | 110309s2011 xr a a 000 f cze | ||
| 015 | . | ‡acnb002156587 | |
| 020 | . | ‡a978-80-7367-841-8 (váz.) ‡cKč199 | |
| 035 | . | ‡a(CONS)16107 | |
| 035 | . | ‡a(CZ PrSKC)nkc20102156587 | |
| 035 | . | ‡a(OCoLC)741401791 | |
| 040 | . | ‡aABA001 ‡bcze ‡dBOA001 | |
| 072 | 7. | ‡a821.162.3-3 ‡xČeská próza ‡2Konspekt ‡925 | |
| 072 | 7. | ‡a821-93 ‡xLiteratura pro děti a mládež (beletrie) ‡2Konspekt ‡926 | |
| 080 | . | ‡a821.162.3-34 ‡2MRF | |
| 080 | . | ‡a821-93 ‡2MRF | |
| 080 | . | ‡a(0:82-34) ‡2MRF | |
| 100 | 1 | . | ‡aProvazníková, Věra, ‡d1947- ‡7jk01101403 ‡4aut |
| 245 | 1 | 0. | ‡aListopadová pohádka / ‡cVěra Provazníková ; [ilustrace Eva Šedivá] |
| 250 | . | ‡aVyd. 1. | |
| 260 | . | ‡aPraha : ‡bPortál, ‡c2011 | |
| 300 | . | ‡a62 s. : ‡bbarev. il. ; ‡c23 cm | |
| 520 | 9 | . | ‡aJe podzim a holčička zpoza okna pozoruje barevné stromy a šedivou oblohu. Jindy se toulá městem, vlasy učesané větrem jí zdobí poslední spadané lístečky a mává papírovým drakům na obloze. Se svou oblíbenou červenou ještěrkou popíjí šípkový čaj a ráda by poznala někoho, kdo vidí svět podobnýma očima. Třeba pána, který vymyslel maličkého skřítka s mandlovýma očima, co se jí na jedné z procházek po městě usadil v dlani. Poetické vyprávění provází příjemné ilustrace. |
| 520 | 9 | . | ‡aPůvabný pohádkový příběh malé holčičky a jejích přátel z říše snů a fantazie. Pro mladší děti. |
| 655 | 7. | ‡ačeské pohádky ‡2czenas | |
| 655 | 7. | ‡apublikace pro děti ‡2czenas | |
| 655 | 9. | ‡aCzech fairy tales ‡2eczenas | |
| 655 | 9. | ‡achildren's literature ‡2eczenas | |
| 700 | 1 | . | ‡aŠedivá, Eva, ‡d1934- ‡7jn20000402808 ‡4ill |
| 900 | . | ‡aABA001 ‡b17 | |
| 910 | . | ‡aABG312 | |
| 998 | . | ‡a004754432 | |
| 901 | . | ‡a16107 ‡b ‡c16107 ‡tbiblio | |